1052 1182 1030 1438 1038 1909 1292 1467 1976 1016 1311 1811 1858 1005 1256 1560 1126 1822 1364 1232 1336 1282 1839 1560 1057 1200 1040 1985 1530 1373 1629 1094 1675 1912 1175 1442 1283 1139 1473 1935 1276 1900 1147 1214 1876 1463 1520 1259 1473 1234 1314 1159 1399 1720 1999 1403 1791 1590 1187 1615 1392 1568 1635 1107 1999 1756 1016 1911 1214 1287 1284 1487 1994 1012 1883 1244 1705 1187 1640 1447 1636 1951 1118 1068 1491 1546 1046 1851 1111 1221 1490 1269 1277 1535 1751 1555 1184 1040 1366 BCNSPRNW ULIB Ver.6.0+V

เปลี่ยนเป็นภาษาไทย

Change to English
 แสดงรายละเอียดบรรณานุกรม
  กลับหน้าหลัก

Brief Record : Get Marc (ISO 2709) : E-mail record : QR code < ปิดหน้าต่าง
LEADER : 00000nam 2200000uu 4500
001    13399124861
003     ULIB
008    160420s2557||||th 000 0 tha d
020    ^a9789746728294
060  4 ^aWS368^bน417ก
100 0  ^aนันทณี เสถียรศักดิ์พงศ์
245 10 ^aการคัดกรองพัฒนาการและการทดสอบในเด็ก=^bDeverlopment Screening and Testing Children /^cนันทณี เสถียรศักดิ์พงศ์, สร้อยสุดา วิทยาการและสุภาพร ชินชัย
250    ^aพิมพ์ครั้งที่ 1
260    ^aเชียงใหม่ :^bโครงการตำรา คณะเทคนิคการแพทย์ มหาวิทยาลัยเชียงใหม่,^c2557.
300    ^a250หน้า :^bภาพประกอบ,ตาราง;^c26 ซม.
650  7 ^aการทดสอบทางจิตวิทยาสำหรับเด็ก
650  7 ^aความผิดปกติ^xการทดสอบ^xในเด็ก
650  7 ^aพัฒนาการของเด็ก^xการทดสอบ
650  7 ^aเด็ก^xการเจริญเติบโต
700 0  ^aสร้สอยสุดา วิทยากร
700 0  ^aสุภาพร ชินชัย
710 1  ^aมหาวิทยาลัยเชียงใหม่. ^bคณะเทคนิคการแพทย์.^bหน่วยกิจกรรมบำบัดในเด็ก
945    ^p330^l0^i000615
945    ^p330^l0^i000616
945    ^p330^l0^i000617
999    ^aเกษร โพธิ์สุวรรณ
รายการนี้ยังไม่มีแท็ก
คุณยังไม่ได้ล็อกอิน คุณสามารถมีกิจกรรมร่วมกับเว็บไซต์ได้ แต่ต้องล็อกอินก่อน ::
  ล็อกอิน

รายการสื่อสารสนเทศ

ลำดับที่ ประเภท เลขเรียก/บาร์โค้ด สถานที่ สถานะ
1. วิทยาศาสตร์การแพทย์ และสุขภาพ
วิทยาศาสตร์การแพทย์ และสุขภาพ
สถานะ=หนังสือเก่า
WS368 น417ก ฉ.1 
  Barcode: 000615
ห้องสมุดวิทยาเขตสวรรค์ประชารักษ์
►ส่วนจัดเก็บหนังสือเก่า สปร
บนชั้น
  ขอยืม
2. วิทยาศาสตร์การแพทย์ และสุขภาพ
วิทยาศาสตร์การแพทย์ และสุขภาพ
สถานะ=หนังสือเก่า
WS368 น417ก ฉ.2 
  Barcode: 000616
ห้องสมุดวิทยาเขตสวรรค์ประชารักษ์
►ส่วนจัดเก็บหนังสือเก่า สปร
บนชั้น
  ขอยืม
3. วิทยาศาสตร์การแพทย์ และสุขภาพ
วิทยาศาสตร์การแพทย์ และสุขภาพ
สถานะ=หนังสือเก่า
WS368 น417ก ฉ.3 
  Barcode: 000617
ห้องสมุดวิทยาเขตสวรรค์ประชารักษ์
►ส่วนจัดเก็บหนังสือเก่า สปร
บนชั้น
  ขอยืม

รายการใกล้เคียง
    ผู้แต่ง [นันทณี เสถียรศักดิ์พงศ์]

    หัวเรื่อง [การทดสอบทางจิตวิทยาสำหรับเด็ก]

BibComment


ยังไม่เคยถูกคอมเมนท์

คอมเมนท์ทรัพยากรรายการนี้
  คอมเมนท์: การคัดกรองพัฒนาก..


 Copyright 2026. Bcnsprnw @Library